Musia si privyrábať nočnými..
Pracovníci a mzdy v rozpočtových a príspevkových organizáciách. Vývoj priemerných miezd v rezorte školstva SR. Pokles zamestnanosti. Štruktúra mzdových prostriedkov za vybraté rozpočtové organizácie v pôsobnosti školských správ. Vývoj priemerných miezd v zdravotníctve. Zloženie miezd.
Gespeichert in:
| 1. Verfasser: | |
|---|---|
| Weitere Verfasser: | , |
| Format: | Buchkapitel |
| Sprache: | Slowakisch |
| Schlagworte: | |
| Tags: |
Keine Tags, Fügen Sie das erste Tag hinzu!
|
MARC
| LEADER | 00000naa a2200000 4500 | ||
|---|---|---|---|
| 001 | r018180 | ||
| 005 | 20221205101918.7 | ||
| 041 | 0 | |a slo | |
| 044 | |a SK | ||
| 245 | 1 | 0 | |a Musia si privyrábať nočnými.. |c František Hlad, A. Džubanová, A. Chovancová |
| 520 | |a Pracovníci a mzdy v rozpočtových a príspevkových organizáciách. Vývoj priemerných miezd v rezorte školstva SR. Pokles zamestnanosti. Štruktúra mzdových prostriedkov za vybraté rozpočtové organizácie v pôsobnosti školských správ. Vývoj priemerných miezd v zdravotníctve. Zloženie miezd. | ||
| 610 | 2 | 0 | |a Slovensko |
| 610 | 2 | 0 | |a 1993 |
| 610 | 2 | 0 | |a 1994 |
| 610 | 2 | 0 | |a odmeňovanie |
| 610 | 2 | 0 | |a mzdy |
| 610 | 2 | 0 | |a školstvo |
| 610 | 2 | 0 | |a zdravotníctvo |
| 610 | 2 | 0 | |a mzdy priemerné |
| 610 | 2 | 0 | |a počet pracovníkov |
| 610 | 2 | 0 | |a organizácie príspevkové |
| 610 | 2 | 0 | |a organizácie rozpočtové |
| 610 | 2 | 0 | |a prostriedky mzdové |
| 100 | 1 | |a Hlad, František | |
| 700 | 1 | |a Džubanová, A. | |
| 700 | 1 | |a Chovancová, A. | |